| 000 | 00707nam a2200193 a 4500 | ||
|---|---|---|---|
| 003 | 0 | ||
| 005 | 20250221155808.0 | ||
| 008 | 111114s19uu xx 00 eng d | ||
| 050 |
_aPGS GV 781.5 _b.C277 2011 |
||
| 100 | _aCariaso, Lorenzo Jaime S. | ||
| 245 |
_aLevel of sports involvement and extent of team spirit / _cLorenzo Jaime S. Cariaso. |
||
| 260 |
_aLas PiƱas City, Philippines : _bSouthville International School and Colleges, _c2011. |
||
| 300 |
_a37 pages : _billustrations ; _c28 cm. |
||
| 504 | _aIncludes bibliographical references. | ||
| 650 |
_aSports participation _vStudents. |
||
| 650 |
_aAthletic teams _vSocial aspects. |
||
| 650 |
_aTeam sports _vPsychology. |
||
| 942 |
_2lcc _cPASS |
||
| 999 |
_c98642 _d98642 |
||